| 000 | 00408nam a2200145Ia 4500 | ||
|---|---|---|---|
| 008 | 230917s9999||||xx |||||||||||||| ||und|| | ||
| 040 |
_e240488 _aMAIN |
||
| 041 | _aEnglish | ||
| 082 | _a615.19 M698P | ||
| 100 | _aMitta, Vineet | ||
| 245 | 0 | _aPreparation and evaluation of an improved extract of marrubium vulgare linn. for antihypertensive activity | |
| 260 | _c2016 | ||
| 300 | _a177 p. | ||
| 942 | _cTH | ||
| 999 |
_c127093 _d127093 |
||